000 nam a22 7a 4500
999 _c9317
_d9317
008 180125b ||||| |||| 00| 0 eng d
100 _aNCERT
_95572
245 _aSocial Science Our pasts-II
260 _aNew Delhi
_bNCERT
_c2007